| 000 | 01134nam a22002177a 4500 | ||
|---|---|---|---|
| 999 |
_c63302 _d63302 |
||
| 005 | 20250730162310.0 | ||
| 008 | 250730s2024 en ||||| |||| 00| 0 eng d | ||
| 020 | _a9781009497923 X | ||
| 041 | _aeng | ||
| 080 | _a61:364.694 P-50 | ||
| 100 |
_aPettinicchio, David _925711 |
||
| 245 |
_aSixty years of visible protest in the disability struggle for equality, justice, and inclusion / _cDavid Pettinicchio |
||
| 264 |
_aCambridge: _b Cambridge University Press, _c 2024. |
||
| 300 |
_a82 pages.: _b20 cm. |
||
| 440 |
_a Cambridge elements _925712 |
||
| 653 | _a Sixty years of visible protest in the disability struggle for equality, justice, and inclusion | ||
| 653 | _aActivistes États-Unis Discrimination against people with disabilities United States Discrimination à l'égard des personnes handicapées États-Unis People with disabilities Political activity United States Personnes handicapées Activité politique États-Unis Political activists United States | ||
| 653 | _aმედიცინა | ||
| 653 | _aშეზღუდული შესაძლებლობები | ||
| 942 |
_2udc _cᲬᲘᲒᲜᲘ |
||